LEADER 01478nam 2200493 450 001 9910460477303321 005 20200520144314.0 010 $a3-86945-849-6 035 $a(CKB)3710000000563795 035 $a(EBL)4346824 035 $a(MiAaPQ)EBC4346824 035 $a(Au-PeEL)EBL4346824 035 $a(CaPaEBR)ebr11159119 035 $a(CaONFJC)MIL885092 035 $a(OCoLC)934433238 035 $a(EXLCZ)993710000000563795 100 $a20160318h20152011 uy 0 101 0 $aeng 135 $aur|n|---||||| 181 $ctxt$2rdacontent 182 $cc$2rdamedia 183 $acr$2rdacarrier 200 10$aChinese piano or dueling over a recital /$fa novel by E?tienne Barilier ; translated from the French by Benjamin Ivry 210 1$aNordhausen, [Germany] :$cVerlag Traugott Bautz GmbH,$d2015. 210 4$dİ2011 215 $a1 online resource 225 1 $aPoetry, music and art ;$vBand 8 311 $a3-95948-086-5 410 0$aPoetry, music and art ;$vBand 8. 606 $aChinese poetry$vMusical settings 606 $aChinese poetry 608 $aElectronic books. 615 0$aChinese poetry 615 0$aChinese poetry. 676 $a895.11008 700 $aBarilier$b E?tienne$0393633 702 $aIvry$b Benjamin 801 0$bMiAaPQ 801 1$bMiAaPQ 801 2$bMiAaPQ 906 $aBOOK 912 $a9910460477303321 996 $aChinese piano or dueling over a recital$92285190 997 $aUNINA LEADER 02791nam 2200361 450 001 9910720571403321 005 20230703182425.0 035 $a(CKB)5710000000124286 035 $a(NjHacI)995710000000124286 035 $a(EXLCZ)995710000000124286 100 $a20230703d2012 uy 0 101 0 $aeng 135 $aur||||||||||| 181 $ctxt$2rdacontent 182 $cc$2rdamedia 183 $acr$2rdacarrier 200 10$aUnit Operations of Particulate Solids $eTheory and Practice /$fEnrique Ortega-Rivas 210 1$aBoca Raton :$cTaylor & Francis,$d2012. 215 $a1 online resource (474 pages) 320 $aIncludes bibliographical references and index. 327 $aCharacterization of Particulate Systems and Relation to Storage and Conveying: Introduction. Bulk Solids: Properties and Characterization. Storage and Conveying of Bulk Solids. Bulk Solids Processing: Size Reduction. Size Enlargement. Mixing. Fluidization. Separation Techniques for Particulate Solids: Introductory Aspects. Solid Mixtures. Solid-Fluid Systems. Appendices. Index. 330 $aSuitable for practicing engineers and engineers in training, Unit Operations of Particulate Solids: Theory and Practice presents the unit operations in chemical engineering that involve the handling and processing of particulate solids. The first part of the book analyzes primary and secondary properties of particles and particulate systems, focusing on their characterization and the effects on selection and design of silos and conveyors. Covering the main industrial operations of dry solids processing, the second part offers insight into the operation principles of the most important technologies that handle dry solids in bulk. With an emphasis on two-phase and multiphase flow, the final part describes all of the relevant systems in industrial processes that combine two different components of the state of matter as well as technologies for separating phases by purely mechanical means. Through clear explanations of theoretical principles and practical laboratory exercises, this book provides an understanding of the behavior of powders and pulverized systems. It also helps readers develop skills for operating, optimizing, and innovating particle processing technologies and machinery in order to carry out industrial operations, such as centrifugation, filtration, and membrane separations"--Provided by publisher. 517 $aUnit Operations of Particulate Solids 606 $aChemical processes 615 0$aChemical processes. 676 $a660.28 700 $aOrtega-Rivas$b Enrique$0518165 801 0$bNjHacI 801 1$bNjHacl 906 $aBOOK 912 $a9910720571403321 996 $aUnit operations of particulate solids$91763478 997 $aUNINA